书目信息 |
| 题名: |
唯物主义哲学和自然科学的发展历史概述
|
|
| 作者: | 迪什列维 , Дышлевый , 卡纳克 , Калак 著 ;柳树滋 , 赵鸿志 译 | |
| 分册: | ||
| 出版信息: | 北京 中国社会科学出版社 1980 |
|
| 页数: | 250页 | |
| 开本: | 19cm | |
| 丛书名: | ||
| 单 册: | ||
| 中图分类: | B019.1 | |
| 科图分类: | ||
| 主题词: | 唯物主义-哲学史 , 哲学史-唯物主义 | |
| 电子资源: | ||
| ISBN: | ||
| 000 | 01261nam0 2200325 45 | |
| 001 | 0180005689 | |
| 005 | 20070728161628.12 | |
| 010 | @dCNY0.64 | |
| 091 | @aCN@b2190.911 | |
| 100 | @a19950817d1980 emky0chiy0121 ea | |
| 101 | 1 | @achi@crus |
| 102 | @aCN@b110000 | |
| 105 | @ay z 000yy | |
| 200 | 10 | @a唯物主义哲学和自然科学的发展历史概述@Awei wu zhu yi zhe xue he zi ran ke xue de fa zhan li shi gai shu@f(苏)迪什列维(П.С.Дышлевый),(苏)卡纳克(Ф.М.Калак)著@g柳树滋,赵鸿志译 |
| 210 | @a北京@c中国社会科学出版社@d1980 | |
| 215 | @a250页@d19cm | |
| 300 | @a书名原文:Материалистическая философия и развитие естествознания | |
| 510 | 1 | @aМатериалистическая философия и развитие естествознания@zrus |
| 606 | @a唯物主义-哲学史 | |
| 606 | @a哲学史-唯物主义 | |
| 690 | @aB019.1@v3 | |
| 701 | 1 | @a迪什列维@Adi shen lie wei@bП.С.@4著 |
| 701 | A1 | @aДышлевый@bП.С.@4著 |
| 701 | 1 | @a卡纳克@Aka na ke@bФ.М.@4著 |
| 701 | A1 | @aКалак@bФ.М.@4著 |
| 702 | 0 | @a柳树滋@Aliu shu zi@4译 |
| 702 | 0 | @a赵鸿志@Azhao hong zhi@4译 |
| 801 | 0 | @aCN@bTSSF@c20070728 |
| 801 | 2 | @aCN@bNLC@c20060731 |
| 905 | @a10447@dB019.1@e185 | |
| 唯物主义哲学和自然科学的发展历史概述/(苏)迪什列维(П.С.Дышлевый),(苏)卡纳克(Ф.М.Калак)著/柳树滋,赵鸿志译.-北京:中国社会科学出版社,1980 |
| 250页;19cm |
| 书名原文:Материалистическая философия и развитие естествознания |
| ISBN :CNY0.64 |
| ● |
| 相关链接 |
|
|
|
|
正题名:唯物主义哲学和自然科学的发展历史概述
索取号:B019.1/185
 
预约/预借
| 序号 | 登录号 | 条形码 | 馆藏地/架位号 | 状态 | 备注 |
| 1 | 0440229 | 204402299 | 密集书库/ [索取号:B019.1/185] | 在馆 | |
| 2 | 0785576 | 207855766 | 密集书库/ [索取号:B019.1/185] | 在馆 |